Statistics for Every Mac Miller Song on the Billboard Hot 100

Click here to take the quiz!

General Stats

  • This quiz has been taken 277 times
    (219 since last reset)
  • The average score is 7 of 21

Answer Stats

#YearSong% Correct
482020Circles
74%
172020Good News
73%
332018Self Care
72%
382020Blue World
62%
752012Donald Trump
57%
642020Hand Me Downs
39%
912020Surf
38%
92013The Way (Ariana Grande)
37%
752020Woods
37%
702018Hurt Feelings
34%
912018Come Back To Earth
33%
882012Knock Knock
32%
632020Complicated
31%
802020Everybody
24%
1002015100 Grandkids
22%
682020I Can See
20%
1002020That's On Me
20%
602011Frick Park Market
15%
552011Smile Back
10%
532012Loud
9%
642011Party On Fifth Ave.
7%

Score Distribution

Percentile by Number Answered

Percent of People with Each Score

Your Score History

You have not taken this quiz since the last reset